00234nam a2200097Ia 4500008004100000100001600041245003500057260002800092300000800120650000800128191201s2015 xx 000 0 und d aGOYAL, Alok 0aManagement Accounting Sem. III aN. DelhibV.K.Pubc2015 a208 aBBA